000
00259nam a22001097a 4500
008
240715b |||||||| |||| 00| 0 eng d
100
_a
Manohardas, Kaurmal
_9
17036
245
_a
Hind Too
260
_a
Sind:
_b
Adarsh Sahitya;
_c
-
300
_a
170p.
942
_c
BK
999
_c
40386
_d
40386